[Event "NOR-chT Club"]
[Site "Kristiansund"]
[Date "2017.10.21"]
[Round "4.15"]
[White "Storeide, Helge"]
[Black "Darnell, Anton"]
[Result "1/2-1/2"]
[WhiteElo "1722"]
[BlackElo "2078"]
[PlyCount "85"]
[EventDate "2017.10.20"]
[EventType "team-tourn"]
[EventRounds "6"]
[EventCountry "NOR"]
[SourceTitle "CBM 181 Extra"]
[Source "ChessBase"]
[SourceDate "2017.12.12"]
[SourceVersion "1"]
[SourceVersionDate "2017.12.12"]
[SourceQuality "1"]
[WhiteTeam "Aalesunds Festelag"]
[BlackTeam "Kristiansund"]
[WhiteTeamCountry "NOR"]
[BlackTeamCountry "NOR"]

1. d4 Nf6 2. c4 e6 3. a3 b6 4. Nc3 Bb7 5. Bg5 d5 6. cxd5 exd5 7. e3 Be7 8. Bd3 0-0 9. Nf3 Nbd7 10. 0-0 c5 11. Rc1 Rc8 12. Bf5 g6 13. Bh3 cxd4 14. exd4 Ne4 15. Bxe7 Qxe7 16. Re1 f5 17. Qb3 Qf7 18. g3 Rfe8 19. Bg2 Kg7 20. Qd1 h6 21. Bf1 a6 22. Nh4 g5 23. Ng2 b5 24. f3 Nxc3 25. Rxc3 Rxc3 26. bxc3 Nb6 27. Rxe8 Qxe8 28. Qe2 Qxe2 29. Bxe2 Na4 30. Ne3 Nxc3 31. Nxf5+ Kf6 32. Bd3 h5 33. Kg2 Bc8 34. Ne3 a5 35. Kf2 b4 36. axb4 axb4 37. Bc2 Be6 38. Nd1 Bf5 39. Bb3 Nxd1+ 40. Bxd1 Bd3 41. Ke3 Bc4 42. Kd2 h4 43. Kc2 1/2-1/2